00306nam a2200121Ia 4500008004100000041000800041082001600049100001100065245003900076260003300115300001900148999001700167241015s9999 xx 000 0 und d aeng a658.872 HER aHerman aInstagram For Business For Dummies bWiley IndiaaNew Delhic2018 a289;. P. 23 cm c41866d41866